Actualité de Paul Claudel: à propos d'ouvrages récents
| Main Author: | |
|---|---|
| Format: | Print Review |
| Language: | French |
| Check availability: | HBZ Gateway |
| Interlibrary Loan: | Interlibrary Loan for the Fachinformationsdienste (Specialized Information Services in Germany) |
| Published: |
2006
|
| In: |
Nouvelle revue théologique
Year: 2006, Volume: 128, Issue: 4, Pages: 629-636 |
| Review of: | Jésuite et le poète / Xavier Tilliette (Lebeau, Paul) Sacrement du monde et l'intention de gloire / Paul Claudel (Lebeau, Paul) |
| Standardized Subjects / Keyword chains: | B
Claudel, Paul 1868-1955
|
| IxTheo Classification: | CD Christianity and Culture KAJ Church history 1914-; recent history KBG France KDB Roman Catholic Church |
| Further subjects: | B
Book review
B Literature report |
MARC
| LEADER | 00000caa a22000002c 4500 | ||
|---|---|---|---|
| 001 | 1645652467 | ||
| 003 | DE-627 | ||
| 005 | 20220616122641.0 | ||
| 007 | tu | ||
| 008 | 160405s2006 xx ||||| no 00| ||fre c | ||
| 035 | |a (DE-627)1645652467 | ||
| 035 | |a (DE-576)466562284 | ||
| 035 | |a (DE-599)BSZ466562284 | ||
| 040 | |a DE-627 |b ger |c DE-627 |e rakwb | ||
| 041 | |a fre | ||
| 084 | |a 1 |2 ssgn | ||
| 100 | 1 | |0 (DE-627)1231932996 |0 (DE-576)161932991 |4 aut |a Lebeau, Paul | |
| 109 | |a Lebeau, Paul |a Lebeau, P. | ||
| 245 | 1 | 0 | |a Actualité de Paul Claudel |b à propos d'ouvrages récents |
| 264 | 1 | |c 2006 | |
| 336 | |a Text |b txt |2 rdacontent | ||
| 337 | |a ohne Hilfsmittel zu benutzen |b n |2 rdamedia | ||
| 338 | |a Band |b nc |2 rdacarrier | ||
| 652 | |a CD:KAJ:KBG:KDB | ||
| 655 | 7 | |a Literaturbericht |0 (DE-588)4167870-9 |0 (DE-627)104712805 |0 (DE-576)209911700 |2 gnd-content | |
| 655 | 7 | |a Rezension |0 (DE-588)4049712-4 |0 (DE-627)106186019 |0 (DE-576)209083166 |2 gnd-content | |
| 689 | 0 | 0 | |d p |0 (DE-588)118521039 |0 (DE-627)133801128 |0 (DE-576)160587247 |2 gnd |a Claudel, Paul |d 1868-1955 |
| 689 | 0 | |5 (DE-627) | |
| 773 | 0 | 8 | |i In |t Nouvelle revue théologique |d Bruxelles : Nouvelle revue théologique, 1869 |g 128(2006), 4, Seite 629-636 |w (DE-627)129095303 |w (DE-600)7442-1 |w (DE-576)014431408 |x 0029-4845 |7 nnas |
| 773 | 1 | 8 | |g volume:128 |g year:2006 |g number:4 |g pages:629-636 |
| 787 | 0 | 8 | |i Rezension von |a Jésuite et le poète / Xavier Tilliette |
| 787 | 0 | 8 | |i Rezension von |a Sacrement du monde et l'intention de gloire / Paul Claudel |
| 935 | |a mteo | ||
| 951 | |a AR | ||
| ELC | |b 1 | ||
| ITA | |a 1 |t 1 | ||
| LOK | |0 000 xxxxxcx a22 zn 4500 | ||
| LOK | |0 001 3315112460 | ||
| LOK | |0 003 DE-627 | ||
| LOK | |0 004 1645652467 | ||
| LOK | |0 005 20160405144845 | ||
| LOK | |0 008 160404||||||||||||||||ger||||||| | ||
| LOK | |0 040 |a DE-Tue135 |c DE-627 |d DE-Tue135 | ||
| LOK | |0 092 |o n | ||
| LOK | |0 852 |a DE-Tue135 | ||
| LOK | |0 852 1 |9 00 | ||
| LOK | |0 935 |a ixzs |a ixmi | ||
| LOK | |0 936ln |0 1442044985 |a KBG | ||
| LOK | |0 936ln |0 1442049839 |a KDB | ||
| LOK | |0 936ln |0 1442044640 |a KAJ | ||
| LOK | |0 936ln |0 1442043857 |a CD | ||
| LOK | |0 939 |a 04-04-16 |b l01 | ||
| ORI | |a SA-MARC-ixtheoa001.raw | ||
| SYG | 0 | 0 | |a Claudel, Paul Louis Charles Marie,1868-1955,Claudel, Paul L.,1868-1955,Claudel, P.,1868-1955,Claudel,1868-1955,Klodel, Pol,1868-1955,Klʹodelʹ, Polʹ,1868-1955,Kurōderu, Pōru,1868-1955,Klōntel, Pōl,1868-1955 |